| 000 | 00733nam a2200205 i 4500 | ||
|---|---|---|---|
| 001 | 144430 | ||
| 003 | ES-MaACL | ||
| 005 | 20250721062630.0 | ||
| 007 | t| | ||
| 008 | 070214s1969 sp r ||||1| spa d | ||
| 100 | 1 |
_aSismondi, J. C. L. Simonde de. _9106693 |
|
| 245 | 1 | 0 |
_aEconomía política / _cJ.C.L. Simonde de Sismondi ; prólogo de Valentín Andrés Álvarez ; versión española de Mercedes Paredes Larrucea. |
| 260 |
_aMadrid : _bAlianza Editorial, _c1969. |
||
| 300 |
_aXXIII, 248 p. ; _c19 cm. |
||
| 650 | 1 | 7 |
_aEconomía _2embne _912006 |
| 700 | 1 |
_aAndrés Álvarez, Valentín, _d1891-1982 _9174884 |
|
| 700 | 1 |
_aParedes Larrucea, Mercedes. _989049 |
|
| 852 | 4 |
_aES-MaACL _jC-39928 |
|
| 999 |
_c144430 _d144430 |
||